Dual-career marriage : conflict and treatment /

Bibliographic Details
Main Author: Rice, David Gordon, 1938-
Format: Book
Language:English
Published: New York : Free Press, [1979]
Subjects:

MARC

Tag First Indicator Second Indicator Subfields
LEADER 00000pam a2200000 i 4500
001 in00000048611
005 20151007073544.0
008 790518s1979 nyu b 00110 eng
010 |a  79007179  
020 |a 0029263808 
035 |a (OCoLC)05102052 
035 |9 AAE9930AM 
040 |a DLC  |c DLC  |d TXA  |d UtOrBLW 
043 |a n-us--- 
049 |a TXAM  |c [980609] 
050 0 0 |a HQ536  |b .R465 1979 
082 0 |a 301.42 
100 1 |a Rice, David Gordon,  |d 1938- 
245 1 0 |a Dual-career marriage :  |b conflict and treatment /  |c David G. Rice. 
264 1 |a New York :  |b Free Press,  |c [1979] 
264 4 |c ©1979 
300 |a x, 197 pages ;  |c 25 cm. 
336 |a text  |b txt  |2 rdacontent 
337 |a unmediated  |b n  |2 rdamedia 
338 |a volume  |b nc  |2 rdacarrier 
500 |a Includes index. 
504 |a Bibliography: pages 181-185. 
650 0 |a Married people  |x Employment  |z United States  |x Psychological aspects. 
650 0 |a Family psychotherapy. 
999 |a MARS 
999 f f |s 54caac06-86e2-3a4f-943d-1d77da892500  |i 18e90853-40b7-3ced-847c-3327534f2277  |t 0 
952 f f |p ric  |a Texas A&M University  |b Rellis Campus  |c Joint Library Facility  |d Remote Storage  |t 0  |e HQ536 .R465 1979  |h Library of Congress classification  |i unmediated -- volume  |m A14802958662 
998 f f |a HQ536 .R465 1979  |t 0  |l Remote Storage